Estudio económico para la determinación del salario mínimo en la industria de productos de caucho
Encuesta realizada en fábricas de productos de caucho para la fijación del salario en esta actvidad, en Guatemala. Informa sobre salarios por día, prestaciones, pactos colectivos de condiciones de trabajo, y situación de las empresas./ACM
Gespeichert in:
| Körperschaft: | |
|---|---|
| Format: | Text |
| Veröffentlicht: |
Guatemala:
MTPS
|
| Schlagworte: | |
| Tags: |
Tag hinzufügen
Keine Tags, Fügen Sie den ersten Tag hinzu!
|
MARC
| LEADER | 00000 a a2200000 04500 | ||
|---|---|---|---|
| 001 | 19858 | ||
| 003 | |||
| 040 | |||
| 090 | |a 080500 | ||
| 110 | |a Guatemala. Ministerio de Trabajo y Previsión Social. Comisión Nacional del Salario | ||
| 245 | |a Estudio económico para la determinación del salario mínimo en la industria de productos de caucho | ||
| 260 | |a Guatemala: |b MTPS | ||
| 300 | |a 39 p. | ||
| 520 | |a Encuesta realizada en fábricas de productos de caucho para la fijación del salario en esta actvidad, en Guatemala. Informa sobre salarios por día, prestaciones, pactos colectivos de condiciones de trabajo, y situación de las empresas./ACM | ||
| 650 | |a GUATEMALA | ||
| 650 | |a SALARIO MINIMO | ||
| 650 | |a DETERMINACION DEL SALARIO | ||
| 650 | |a INDUSTRIA DEL CAUCHO | ||
| 999 | |c 11724 |d 11724 | ||
